Integrated Electronics (Record no. 837)

MARC details
000 -LEADER
Fixed length control field 00611nam a2200205 4500
003 - CONTROL NUMBER IDENTIFIER
Control field SEACOMEC
005 - DATE AND TIME OF LATEST TRANSACTION
Control field 20240322120028.0
008 - FIXED-LENGTH DATA ELEMENTS--GENERAL INFORMATION
Fixed length control field 240322b |||||||| |||| 00| 0 eng d
020 ## - INTERNATIONAL STANDARD BOOK NUMBER / ISBN
International Standard Book Number 978-0070423152
Price Rs.295.00
040 ## - CATALOGING SOURCE
Original cataloging agency SEACOMEC
041 ## - LANGUAGE CODE
Language code English
082 ## - DEWEY DECIMAL CLASSIFICATION NUMBER
Classification number 621.381
Book Number M655
100 ## - MAIN ENTRY--PERSONAL NAME
Personal name Millman, Jacob
245 ## - TITLE STATEMENT
Title Integrated Electronics
Sub title Analogue and Digital Circuits and Systems
Statement of responsibility /Jacob Millman and Christos C. Halkias
260 ## - IMPRINT
Place of publication New Delhi
Name of publisher McGraw Hill Higher Education
Date of publication 2005
300 ## - PHYSICAL DESCRIPTION
Page / Vol. No 752p
650 ## - SUBJECT ADDED ENTRY--TOPICAL TERM
Topical term Electrical Engineering
700 ## - ADDED ENTRY--PERSONAL NAME
Personal name Halkias, Christos C.
942 ## - ADDED ENTRY ELEMENTS (KOHA)
Koha item type Books
Holdings
Withdrawn status Lost status Source of classification Damaged status Not for loan Home library Current library Date acquired Total Checkouts Call number Accession number Date last seen Price effective from Koha item type Copy number
    Dewey Decimal Classification     SEACOM ENGINEERING COLLEGE SEACOM ENGINEERING COLLEGE 22/03/2024   621.381 M655 4229 22/03/2024 22/03/2024 Books  
    Dewey Decimal Classification     SEACOM ENGINEERING COLLEGE SEACOM ENGINEERING COLLEGE 22/03/2024   621.381 M655 4230 22/03/2024 22/03/2024 Books 1
    Dewey Decimal Classification     SEACOM ENGINEERING COLLEGE SEACOM ENGINEERING COLLEGE 22/03/2024   621.381 M655 4231 22/03/2024 22/03/2024 Books 2
    Dewey Decimal Classification     SEACOM ENGINEERING COLLEGE SEACOM ENGINEERING COLLEGE 22/03/2024   621.381 M655 4232 22/03/2024 22/03/2024 Books 3
    Dewey Decimal Classification     SEACOM ENGINEERING COLLEGE SEACOM ENGINEERING COLLEGE 22/03/2024   621.381 M655 4233 22/03/2024 22/03/2024 Books 4
    Dewey Decimal Classification     SEACOM ENGINEERING COLLEGE SEACOM ENGINEERING COLLEGE 22/03/2024   621.381 M655 4234 22/03/2024 22/03/2024 Books 5
    Dewey Decimal Classification     SEACOM ENGINEERING COLLEGE SEACOM ENGINEERING COLLEGE 22/03/2024   621.381 M655 4235 22/03/2024 22/03/2024 Books 6
    Dewey Decimal Classification     SEACOM ENGINEERING COLLEGE SEACOM ENGINEERING COLLEGE 22/03/2024   621.381 M655 4236 22/03/2024 22/03/2024 Books 7
    Dewey Decimal Classification     SEACOM ENGINEERING COLLEGE SEACOM ENGINEERING COLLEGE 22/03/2024   621.381 M655 4237 22/03/2024 22/03/2024 Books 8
    Dewey Decimal Classification     SEACOM ENGINEERING COLLEGE SEACOM ENGINEERING COLLEGE 22/03/2024   621.381 M655 4238 22/03/2024 22/03/2024 Books 9
    Dewey Decimal Classification     SEACOM ENGINEERING COLLEGE SEACOM ENGINEERING COLLEGE 22/03/2024   621.381 M655 4239 22/03/2024 22/03/2024 Books 10
    Dewey Decimal Classification     SEACOM ENGINEERING COLLEGE SEACOM ENGINEERING COLLEGE 22/03/2024   621.381 M655 4240 22/03/2024 22/03/2024 Books 11
    Dewey Decimal Classification     SEACOM ENGINEERING COLLEGE SEACOM ENGINEERING COLLEGE 22/03/2024   621.381 M655 4241 22/03/2024 22/03/2024 Books 12
    Dewey Decimal Classification     SEACOM ENGINEERING COLLEGE SEACOM ENGINEERING COLLEGE 22/03/2024   621.381 M655 4242 22/03/2024 22/03/2024 Books 13
    Dewey Decimal Classification     SEACOM ENGINEERING COLLEGE SEACOM ENGINEERING COLLEGE 22/03/2024   621.381 M655 4243 22/03/2024 22/03/2024 Books 14
    Dewey Decimal Classification     SEACOM ENGINEERING COLLEGE SEACOM ENGINEERING COLLEGE 22/03/2024   621.381 M655 4244 22/03/2024 22/03/2024 Books 15
    Dewey Decimal Classification     SEACOM ENGINEERING COLLEGE SEACOM ENGINEERING COLLEGE 22/03/2024   621.381 M655 4245 22/03/2024 22/03/2024 Books 16
    Dewey Decimal Classification     SEACOM ENGINEERING COLLEGE SEACOM ENGINEERING COLLEGE 22/03/2024   621.381 M655 4246 22/03/2024 22/03/2024 Books 17
    Dewey Decimal Classification     SEACOM ENGINEERING COLLEGE SEACOM ENGINEERING COLLEGE 22/03/2024   621.381 M655 4247 22/03/2024 22/03/2024 Books 18
    Dewey Decimal Classification     SEACOM ENGINEERING COLLEGE SEACOM ENGINEERING COLLEGE 22/03/2024   621.381 M655 4248 22/03/2024 22/03/2024 Books 19
© Seacom Engineering College, All rights reserved.      Powered by Koha